000
00286nam a2200121Ia 4500
008
190216s9999||||xx |||||||||||||| ||und||
100
_a
Jack Lynn
245
4
_a
The Turncoat
260
_b
Sphere Books Ltd
_c
1977
300
_a
350p
650
_a
English Novel-English Novel
942
_c
BK
999
_c
12739
_d
12739